<?xml version="1.0" encoding="UTF-8"?>
<record
    xmlns:xsi="http://www.w3.org/2001/XMLSchema-instance"
    xsi:schemaLocation="http://www.loc.gov/MARC21/slim http://www.loc.gov/standards/marcxml/schema/MARC21slim.xsd"
    xmlns="http://www.loc.gov/MARC21/slim">

  <leader>00470nam a22001577a 4500</leader>
  <controlfield tag="005">20240830093116.0</controlfield>
  <controlfield tag="008">240830b        |||||||| |||| 00| 0 eng d</controlfield>
  <datafield tag="041" ind1=" " ind2=" ">
    <subfield code="a">9780409019834</subfield>
  </datafield>
  <datafield tag="082" ind1=" " ind2=" ">
    <subfield code="a">340.03</subfield>
  </datafield>
  <datafield tag="100" ind1=" " ind2=" ">
    <subfield code="l">English </subfield>
  </datafield>
  <datafield tag="245" ind1=" " ind2=" ">
    <subfield code="a">Dictionary of Legal Words and Phrases / </subfield>
    <subfield code="c">R.C Claassen</subfield>
  </datafield>
  <datafield tag="260" ind1=" " ind2=" ">
    <subfield code="a">Durban: </subfield>
    <subfield code="b">LexisNexis (Pty) Ltd,</subfield>
    <subfield code="c">1997</subfield>
  </datafield>
  <datafield tag="300" ind1=" " ind2=" ">
    <subfield code="b">xi, 179 pages; </subfield>
    <subfield code="c">25 cm. </subfield>
  </datafield>
  <datafield tag="650" ind1=" " ind2=" ">
    <subfield code="a">Legal practice </subfield>
    <subfield code="b">Law</subfield>
  </datafield>
  <datafield tag="942" ind1=" " ind2=" ">
    <subfield code="c">BK</subfield>
    <subfield code="6">ALISON_BN_VRIES</subfield>
  </datafield>
  <datafield tag="999" ind1=" " ind2=" ">
    <subfield code="c">2960</subfield>
    <subfield code="d">2960</subfield>
  </datafield>
  <datafield tag="952" ind1=" " ind2=" ">
    <subfield code="0">0</subfield>
    <subfield code="1">0</subfield>
    <subfield code="2">ddc</subfield>
    <subfield code="3">Volume 1 A-C</subfield>
    <subfield code="4">0</subfield>
    <subfield code="6">340_000000000000000_03CLA</subfield>
    <subfield code="7">0</subfield>
    <subfield code="8">DICTIONARY</subfield>
    <subfield code="9">5662</subfield>
    <subfield code="a">LSN</subfield>
    <subfield code="b">LSN</subfield>
    <subfield code="c">DICTIONARY</subfield>
    <subfield code="d">2024-08-30</subfield>
    <subfield code="l">0</subfield>
    <subfield code="o">340.03CLA </subfield>
    <subfield code="p">LSN/2023/4115</subfield>
    <subfield code="r">2025-04-07 00:00:00</subfield>
    <subfield code="w">2024-08-30</subfield>
    <subfield code="y">BK</subfield>
  </datafield>
  <datafield tag="952" ind1=" " ind2=" ">
    <subfield code="0">0</subfield>
    <subfield code="1">0</subfield>
    <subfield code="2">ddc</subfield>
    <subfield code="3">Volume 2 D-1</subfield>
    <subfield code="4">0</subfield>
    <subfield code="6">340_000000000000000_03CLA</subfield>
    <subfield code="7">0</subfield>
    <subfield code="8">DICTIONARY</subfield>
    <subfield code="9">5663</subfield>
    <subfield code="a">LSN</subfield>
    <subfield code="b">LSN</subfield>
    <subfield code="c">DICTIONARY</subfield>
    <subfield code="d">2024-08-30</subfield>
    <subfield code="l">0</subfield>
    <subfield code="o">340.03CLA </subfield>
    <subfield code="p">LSN/2023/4116</subfield>
    <subfield code="r">2025-04-07 00:00:00</subfield>
    <subfield code="w">2024-08-30</subfield>
    <subfield code="y">BK</subfield>
  </datafield>
  <datafield tag="952" ind1=" " ind2=" ">
    <subfield code="0">0</subfield>
    <subfield code="1">0</subfield>
    <subfield code="2">ddc</subfield>
    <subfield code="3">Volume 3 J-P</subfield>
    <subfield code="4">0</subfield>
    <subfield code="6">340_000000000000000_03CLA</subfield>
    <subfield code="7">0</subfield>
    <subfield code="8">DICTIONARY</subfield>
    <subfield code="9">5664</subfield>
    <subfield code="a">LSN</subfield>
    <subfield code="b">LSN</subfield>
    <subfield code="c">DICTIONARY</subfield>
    <subfield code="d">2024-08-30</subfield>
    <subfield code="l">0</subfield>
    <subfield code="o">340.03CLA </subfield>
    <subfield code="p">LSN/2023/4117</subfield>
    <subfield code="r">2025-04-07 00:00:00</subfield>
    <subfield code="w">2024-08-30</subfield>
    <subfield code="y">BK</subfield>
  </datafield>
  <datafield tag="952" ind1=" " ind2=" ">
    <subfield code="0">0</subfield>
    <subfield code="1">0</subfield>
    <subfield code="2">ddc</subfield>
    <subfield code="3">Volume 4 Q-Z</subfield>
    <subfield code="4">0</subfield>
    <subfield code="6">340_000000000000000_03CLA</subfield>
    <subfield code="7">0</subfield>
    <subfield code="8">DICTIONARY</subfield>
    <subfield code="9">5665</subfield>
    <subfield code="a">LSN</subfield>
    <subfield code="b">LSN</subfield>
    <subfield code="c">DICTIONARY</subfield>
    <subfield code="d">2024-08-30</subfield>
    <subfield code="l">0</subfield>
    <subfield code="o">340.03CLA </subfield>
    <subfield code="p">LSN/2023/4118</subfield>
    <subfield code="r">2025-09-29 14:23:54</subfield>
    <subfield code="w">2024-08-30</subfield>
    <subfield code="y">BK</subfield>
  </datafield>
</record>
